| 000 | 00780nam a2200181 u 4500 | ||
|---|---|---|---|
| 001 | 000253810 | ||
| 003 | AM-YeHGA | ||
| 005 | 20250617125113.0 | ||
| 008 | 030813s1914 ||| r 000 0 arm d | ||
| 040 | _aAM-YeHGA | ||
| 245 | 0 | 0 |
_aԱմերիկահայ նամականի : _bԲարեկամական, ընտանեկան, յորդորական, շնորհաւորական, ցաւակցական, հարսանեկան, սիրային եւ առեւտրական նամակներ / _cԿազմ.՝ Յ.Յ. Չագմագճեան. |
| 260 |
_aՊօսթըն : _bԵրան, _c1914. |
||
| 300 | _a440 էջ | ||
| 546 | _aՏեքստը հայ. և անգլ. լեզվ. | ||
| 650 | 1 | 4 |
_aԳրականություն _xՆամակներ |
| 700 | 1 |
_aՉագմագճեան, Յ.Յ. _eկազմ. _4com |
|
| 090 | _c92548 | ||
| 999 |
_c91253 _d91253 |
||